Los valores de los pequeños / (Registro nro. 60361)
[ vista simple ]
| 000 -CABECERA | |
|---|---|
| Longitud fija campo de control | 00931nam a2200289 i 4500 |
| 003 - • IDENTIFICADOR DELl NÚMERO DE CONTROL | |
| Identificador del número de control | CO-BoRNBP |
| 005 - • FECHA Y HORA DE LA ÚLTIMA TRANSACCIÓN | |
| Fecha y hora de la última transacción | 20260512195646.0 |
| 007 - • CAMPO FIJO DE DESCRIPCIÓN FÍSICA | |
| Campo fijo de descripción física | ta |
| 008 - • CÓDIGOS DE INFORMACIÓN DE LONGITUD FIJA | |
| Códigos de información de longitud fija | 260128s2024 uy a|||| |||| 00| 0 spa d |
| 020 ## - • NÚMERO INTERNACIONAL NORMALIZADO PARA LIBROS | |
| Número Internacional Normalizado para Libros (ISBN) | 9789974725393 |
| 040 ## - FUENTE DE LA CATALOGACIÓN | |
| Centro catalogador de origen | CO-BoRNBP |
| Lengua de catalogación | spa |
| Centro transcriptor | CO-BoRNBP |
| Centro modificado | rda |
| 082 ## - • NÚMERO DE LA CLASIFICACIÓN DECIMAL DEWEY | |
| Número de edición | Primera edición |
| 084 ## - • Clasificación Local Alfanúmerica PNLB | |
| Número de clasificación | C VAC2v |
| 245 ## - • TITULO PROPIAMENTE DICHO | |
| Título | Los valores de los pequeños / |
| Mención de responsabilidad, etc. | Franc o Vaccarini; adaptación, Marta Ghiglioni |
| 250 ## - • MENCIÓN DE EDICIÓN | |
| Mención de edición | Primera edición |
| 264 14 - PRODUCCIÓN, PUBLICACIÓN , DISTRIBUCIÓN, FABRICACIÓN Y COPYRIGHT | |
| Lugar de producción, publicación, distribución, fabricación | Montevideo, Uruguay |
| Nombre del productor, editor, distribuidor, fabricante | Arquetipo |
| Fecha de de producción, publicación, distribución, fabricación o copyright | ©2024 |
| 300 ## - • DESCRIPCIÓN FÍSICA | |
| Extensión | 200 páginas, |
| Otras características físicas | ilustraciones a color, tapa dura |
| Dimensiones | 35 cm |
| Material Acompañante | 1 CD |
| 336 ## - TIPO DE CONTENIDO | |
| Fuente | rdacontent |
| Término de tipo de contenido | texto |
| Código de tipo de contenido | txt |
| 337 ## - TIPO DE MEDIO | |
| Fuente | rdamedia |
| Nombre del tipo de medio | sin mediación |
| Código del tipo de medio | n |
| 338 ## - TIPO DE SOPORTE | |
| Fuente | rdacarrier |
| Nombre del tipo de soporte | volumen |
| Código del tipo de soporte | nc |
| 650 ## - • PUNTO DE ACCESO ADICIONAL DE MATERIA - TÉRMINO DE MATERIA | |
| Fuente del encabezamiento o término | LEMB |
| Término de materia o nombre geográfico como elemento inicial | Literatura infantil |
| 650 ## - • PUNTO DE ACCESO ADICIONAL DE MATERIA - TÉRMINO DE MATERIA | |
| Fuente del encabezamiento o término | LEMB |
| Término de materia o nombre geográfico como elemento inicial | Cuentos infantiles |
| 650 ## - • PUNTO DE ACCESO ADICIONAL DE MATERIA - TÉRMINO DE MATERIA | |
| Fuente del encabezamiento o término | LEMB |
| Término de materia o nombre geográfico como elemento inicial | Convivencia |
| Subdivisión de forma | valores |
| 700 ## - • PUNTO DE ACCESO ADICIONAL - NOMBRE DE PERSONA | |
| Nombre de persona | Ghiglioni, Marta |
| Término indicativo de función | adaptación |
| 942 ## - ENTRADA DE ELEMENTOS AGREGADOS (KOHA) | |
| Fuente de clasificaión o esquema | Dewey Decimal Classification |
| Koha [por defecto] tipo de item | Literatura Infantil |
| Perdido | Fuente de clasificación o esquema | Estado Físico | No para préstamo | Forma de adquisición | Localización permanente | Localización actual | Localización en estanterías | Fecha adquisición | Préstamos totales | Signatura completa | Código de barras | Fecha última consulta | Número de copia | Fecha del precio de reemplazo | Tipo de item de Koha |
|---|---|---|---|---|---|---|---|---|---|---|---|---|---|---|---|
| Dewey Decimal Classification | Infantil | Biblioteca Pública Dorado | Biblioteca Pública Dorado | Sala Infantil | 02/17/2026 | C VAC | DOR03297 | 02/17/2026 | Ej.1 | 02/17/2026 | Literatura Infantil | ||||
| Dewey Decimal Classification | Infantil | Biblioteca Pública José Eustasio Rivera - San Martin | Biblioteca Pública José Eustasio Rivera - San Martin | Sala Infantil | 03/11/2026 | C VAC | SM04527 | 03/11/2026 | Ej.1 | 03/11/2026 | Literatura Infantil | ||||
| Dewey Decimal Classification | Colección Sala Infantil de Literatura Pocatil y Tilín | Biblioteca Pública Departamental Eduardo Carranza - Villavicencio | Biblioteca Pública Departamental Eduardo Carranza - Villavicencio | Sala Infantil | 05/12/2026 | C VAC | ECA28823 | 05/12/2026 | Ej.1 | 05/12/2026 | Literatura Infantil | ||||
| Dewey Decimal Classification | Infantil | Biblioteca Pública Guamal | Biblioteca Pública Guamal | Sala Infantil | 01/28/2026 | C VAC | GUA005038 | 01/28/2026 | Ej.1 | 01/28/2026 | Literatura Infantil |